[Event "Moscow Jan"]
[Site "Moscow"]
[Date "2007.01.18"]
[Round "9"]
[White "Kuznecov, Mikhail"]
[Black "Kushnirov, Juruj"]
[Result "1/2-1/2"]
[WhiteElo "2344"]
[BlackElo "2241"]
[PlyCount "34"]
[EventDate "2007.01.10"]
[EventType "tourn"]
[EventRounds "15"]
[EventCountry "RUS"]
[SourceTitle "EXT 2010"]
[Source "ChessBase"]
[SourceDate "2010.11.25"]
[SourceVersion "1"]
[SourceVersionDate "2010.11.25"]
[SourceQuality "1"]

1. d4 d5 2. c4 e6 3. Nc3 c6 4. cxd5 exd5 5. Nf3 Bf5 6. Bg5 Be7 7. Bxe7 Nxe7 8. e3 Nd7 9. Bd3 Bxd3 10. Qxd3 0-0 11. 0-0 f5 12. b4 Nf6 13. Ne5 Ne4 14. f4 Qd6 15. Nxe4 fxe4 16. Qe2 a6 17. a3 Ng6 1/2-1/2

[Event "Moscow Jan"]
[Site "Moscow"]
[Date "2007.01.13"]
[Round "4"]
[White "Kushnirov, Juruj"]
[Black "Akhmetov, Alexandr Ol"]
[Result "1/2-1/2"]
[WhiteElo "2241"]
[BlackElo "2289"]
[PlyCount "32"]
[EventDate "2007.01.10"]
[EventType "tourn"]
[EventRounds "15"]
[EventCountry "RUS"]
[SourceTitle "EXT 2010"]
[Source "ChessBase"]
[SourceDate "2010.11.25"]
[SourceVersion "1"]
[SourceVersionDate "2010.11.25"]
[SourceQuality "1"]

1. d4 d6 2. c4 Nf6 3. Nc3 e5 4. Nf3 Nbd7 5. e4 c6 6. d5 Be7 7. Be2 0-0 8. Qc2 a6 9. 0-0 cxd5 10. cxd5 Ne8 11. Be3 g6 12. Nd2 f5 13. f3 Bg5 14. Bf2 Bh4 15. Be3 Bg5 16. Bf2 Bh4 1/2-1/2

[Event "Moscow Rector Cup"]
[Site "Moscow"]
[Date "2006.07.10"]
[Round "11"]
[White "Kushnirov, Juruj"]
[Black "Kuznecov, Mikhail"]
[Result "0-1"]
[WhiteElo "2259"]
[BlackElo "2343"]
[PlyCount "60"]
[EventDate "2006.07.02"]
[EventType "tourn"]
[EventRounds "15"]
[EventCountry "RUS"]
[SourceTitle "EXT 2008"]
[Source "ChessBase"]
[SourceDate "2007.11.25"]
[SourceVersion "1"]
[SourceVersionDate "2007.11.25"]
[SourceQuality "1"]

1. e4 c5 2. Nf3 e6 3. d4 cxd4 4. Nxd4 Nc6 5. Nc3 a6 6. Be2 d6 7. Be3 Nf6 8. f4 Be7 9. g4 d5 10. exd5 Nxd5 11. Nxd5 exd5 12. Qd2 Bh4+ 13. Kd1 Bf6 14. g5 Bxd4 15. Bxd4 0-0 16. Bc5 Re8 17. Bf3 Be6 18. Kc1 Rc8 19. Bg2 b6 20. Bf2 Qc7 21. c3 Bf5 22. Rd1 Nb4 23. Bf1 Nc2 24. Rb1 d4 25. Bxa6 dxc3 26. bxc3 Rcd8 27. Bxb6 Rxd2 28. Bxc7 Rxd1+ 29. Kxd1 Re1+ 30. Kd2 Rxb1 0-1